[Event "George Trundle Qualifiers 2016"]
[Site "Auckland"]
[Date "2016.07.13"]
[Round "5.1"]
[White "Macdonald, Paul"]
[Black "Gibbons, Robert E"]
[Result "1-0"]
[LiveChessVersion "1.4.8"]
[BlackElo "2008"]
[WhiteElo "1989"]

1. b3 e5 {[%clk 1:18:33]} 2. Bb2 {[%clk 1:31:20]} Nc6 {[%clk 1:18:41]} 3. e3
{[%clk 1:31:39]} Nf6 {[%clk 1:17:50]} 4. Bb5 {[%clk 1:30:40]} Be7
{[%clk 1:16:18]} 5. Bxc6 {[%clk 1:27:14]} dxc6 {[%clk 1:16:42]} 6. Bxe5
{[%clk 1:27:33]} Qd5 {[%clk 1:16:42]} 7. Nf3 {[%clk 1:27:49]} Bg4
{[%clk 1:09:44]} 8. Bxc7 {[%clk 1:20:21]} O-O {[%clk 1:07:45]} 9. Nc3
{[%clk 1:19:44]} Qf5 {[%clk 1:03:05]} 10. O-O {[%clk 1:08:40]} Bb4
{[%clk 0:57:19]} 11. Nb1 {[%clk 0:51:07]} Ne4 {[%clk 0:44:22]} 12. h3
{[%clk 0:36:53]} Bxf3 {[%clk 0:43:21]} 13. Qxf3 {[%clk 0:37:16]} Qxf3
{[%clk 0:43:31]} 14. gxf3 {[%clk 0:37:41]} Nxd2 {[%clk 0:43:41]} 15. Nxd2
{[%clk 0:37:42]} Bxd2 {[%clk 0:44:07]} 16. Rad1 {[%clk 0:38:02]} Bb4
{[%clk 0:40:57]} 17. Rd7 {[%clk 0:38:06]} a5 {[%clk 0:37:11]} 18. a4
{[%clk 0:35:25]} b5 {[%clk 0:37:32]} 19. Rfd1 {[%clk 0:31:02]} Rae8
{[%clk 0:35:18]} 20. c3 {[%clk 0:21:07]} Bxc3 {[%clk 0:35:31]} 21. Bd6
{[%clk 0:21:25]} bxa4 {[%clk 0:33:40]} 22. bxa4 {[%clk 0:20:33]} Re6
{[%clk 0:32:59]} 23. Bxf8 {[%clk 0:20:36]} Kxf8 {[%clk 0:33:26]} 24. Rc7
{[%clk 0:18:36]} Rg6+ {[%clk 0:29:43]} 25. Kf1 {[%clk 0:18:41]} Bf6
{[%clk 0:30:10]} 26. Rxc6 {[%clk 0:14:18]} Rh6 {[%clk 0:30:24]} 27. Rd7
{[%clk 0:12:21]} Ke8 {[%clk 0:30:44]} 28. Ra7 {[%clk 0:12:38]} Kd8
{[%clk 0:30:07]} 29. Rxa5 {[%clk 0:11:14]} Rxh3 {[%clk 0:30:27]} 30. Rd5+
{[%clk 0:11:03]} Ke7 {[%clk 0:30:27]} 31. Kg2 {[%clk 0:11:17]} Rh4
{[%clk 0:30:33]} 32. f4 {[%clk 0:11:03]} Rg4+ {[%clk 0:30:39]} 33. Kf1
{[%clk 0:10:34]} Rh4 {[%clk 0:30:35]} 34. Kg2 {[%clk 0:07:22]} Rg4+
{[%clk 0:31:00]} 35. Kf3 {[%clk 0:07:28]} Rg1 {[%clk 0:31:24]} 36. a5
{[%clk 0:07:51]} Ra1 {[%clk 0:30:12]} 37. a6 {[%clk 0:06:59]} h5 {[%clk 0:29:26]}
38. Rxh5 {[%clk 0:06:41]} Kd7 {[%clk 0:29:54]} 39. Rhc5 {[%clk 0:05:59]} Bd8
{[%clk 0:30:08]} 40. e4 {[%clk 0:34:18]} Ra2 {[%clk 0:59:15]} 41. e5
{[%clk 0:30:48]} Ra3+ {[%clk 0:59:05]} 42. Ke4 {[%clk 0:30:11]} Ra4+
{[%clk 0:59:30]} 43. Kd5 {[%clk 0:23:07]} g6 {[%clk 0:59:24]} 44. Rd6+
{[%clk 0:16:37]} Ke7 {[%clk 0:59:47]} 45. Rc4 {[%clk 0:15:41]} Ra2
{[%clk 0:59:40]} 46. Rb4 {[%clk 0:14:03]} Ra5+ {[%clk 0:57:17]} 47. Kc4
{[%clk 0:13:37]} f6 {[%clk 0:57:13]} 48. Rb7+ {[%clk 0:13:00]} Ke8
{[%clk 0:56:34]} 49. Rb8 {[%clk 0:13:17]} Ke7 {[%clk 0:56:12]} 50. Rbxd8
{[%clk 0:13:34]} fxe5 {[%clk 0:56:31]} 51. fxe5 {[%clk 0:13:14]} 1-0

[Event "George Trundle Qualifiers 2016"]
[Site "Auckland"]
[Date "2016.07.13"]
[Round "5.2"]
[White "Fan, Allen Chi Zhou"]
[Black "Nyberg, Michael"]
[Result "1-0"]
[LiveChessVersion "1.4.8"]
[BlackElo "1930"]
[WhiteElo "1843"]

1. Nf3 {[%clk 1:30:56]} f5 {[%clk 1:25:47]} 2. c4 {[%clk 1:31:20]} Nf6
{[%clk 1:25:44]} 3. g3 {[%clk 1:31:26]} g6 {[%clk 1:26:05]} 4. Bg2
{[%clk 1:28:18]} Bg7 {[%clk 1:26:25]} 5. d4 {[%clk 1:26:14]} d6 {[%clk 1:18:33]}
6. b3 {[%clk 1:21:36]} c6 {[%clk 1:17:23]} 7. Nbd2 {[%clk 1:19:54]} Na6
{[%clk 1:17:20]} 8. Bb2 {[%clk 1:19:31]} Nc7 {[%clk 1:17:42]} 9. Qc2
{[%clk 1:18:59]} a5 {[%clk 1:14:08]} 10. O-O {[%clk 1:17:48]} O-O
{[%clk 1:13:57]} 11. a3 {[%clk 1:08:27]} Bd7 {[%clk 1:08:03]} 12. Ne1
{[%clk 1:04:14]} Rc8 {[%clk 1:07:07]} 13. Bc3 {[%clk 1:04:00]} Ne6
{[%clk 1:05:45]} 14. Qb2 {[%clk 1:02:50]} d5 {[%clk 1:05:24]} 15. f3
{[%clk 1:01:10]} Bh6 {[%clk 1:01:39]} 16. Nd3 {[%clk 0:59:09]} Be3+
{[%clk 1:00:06]} 17. Kh1 {[%clk 0:59:22]} Be8 {[%clk 1:00:01]} 18. c5
{[%clk 0:54:38]} b5 {[%clk 0:59:08]} 19. Rfe1 {[%clk 0:51:05]} Bh6
{[%clk 0:50:40]} 20. Rad1 {[%clk 0:50:10]} Qc7 {[%clk 0:47:08]} 21. e4
{[%clk 0:44:32]} fxe4 {[%clk 0:44:49]} 22. fxe4 {[%clk 0:44:34]} dxe4
{[%clk 0:41:23]} 23. Nxe4 {[%clk 0:44:45]} Nd5 {[%clk 0:41:34]} 24. Bh3
{[%clk 0:42:21]} Bd7 {[%clk 0:39:33]} 25. Ne5 {[%clk 0:42:03]} b4
{[%clk 0:29:32]} 26. axb4 {[%clk 0:40:40]} axb4 {[%clk 0:29:51]} 27. Nxd7
{[%clk 0:39:44]} Qxd7 {[%clk 0:22:16]} 28. Bd2 {[%clk 0:39:09]} Bxd2
{[%clk 0:20:17]} 29. Qxd2 {[%clk 0:39:25]} Ndc7 {[%clk 0:20:41]} 30. Qxb4
{[%clk 0:38:29]} Qd5 {[%clk 0:20:32]} 31. Qc4 {[%clk 0:37:56]} Rcd8
{[%clk 0:20:06]} 32. Qxd5 {[%clk 0:37:46]} cxd5 {[%clk 0:20:09]} 33. Nc3
{[%clk 0:36:54]} Ng5 {[%clk 0:20:22]} 34. Bg2 {[%clk 0:37:02]} e6
{[%clk 0:20:47]} 35. b4 {[%clk 0:36:36]} Rb8 {[%clk 0:21:11]} 36. h4
{[%clk 0:36:48]} Nf7 {[%clk 0:20:03]} 37. Rb1 {[%clk 0:36:57]} Nh6
{[%clk 0:20:10]} 38. b5 {[%clk 0:36:03]} Nf5 {[%clk 0:20:33]} 39. b6
{[%clk 0:36:10]} Na8 {[%clk 0:20:19]} 40. Rxe6 {[%clk 1:04:14]} Nxd4
{[%clk 0:50:36]} 41. Ree1 {[%clk 1:04:09]} Nf5 42. Bxd5+ {[%clk 1:02:17]} Kg7
{[%clk 0:50:09]} 43. Kh2 {[%clk 1:01:27]} Nd4 {[%clk 0:50:24]} 44. Re7+
{[%clk 1:00:57]} Kh6 {[%clk 0:50:21]} 45. b7 {[%clk 1:00:48]} Nf3+
{[%clk 0:47:52]} 46. Kg2 {[%clk 1:00:30]} Nd2 {[%clk 0:48:06]} 47. Ra1
{[%clk 1:00:37]} 1-0

[Event "George Trundle Qualifiers 2016"]
[Site "Auckland"]
[Date "2016.07.13"]
[Round "5.3"]
[White "Morrell, Gordon"]
[Black "Gong, Daniel Hanwen"]
[Result "1/2-1/2"]
[LiveChessVersion "1.4.8"]
[BlackElo "2042"]
[WhiteElo "2077"]

1. d4 {[%clk 1:31:23]} Nf6 2. c4 g6 {[%clk 1:31:00]} 3. Nc3 {[%clk 1:31:47]} Bg7
{[%clk 1:31:26]} 4. e4 {[%clk 1:32:12]} d6 {[%clk 1:31:53]} 5. Nf3
{[%clk 1:32:37]} O-O {[%clk 1:32:17]} 6. Be2 {[%clk 1:33:02]} c5 {[%clk 1:32:39]}
7. d5 {[%clk 1:24:34]} e5 {[%clk 1:32:59]} 8. Bg5 {[%clk 1:20:51]} h6
{[%clk 1:32:34]} 9. Bh4 {[%clk 1:15:58]} a6 {[%clk 1:29:26]} 10. Nd2
{[%clk 1:12:37]} Nbd7 {[%clk 1:25:55]} 11. O-O {[%clk 1:11:37]} Qe8
{[%clk 1:25:11]} 12. a3 {[%clk 1:11:10]} Nh7 {[%clk 1:23:27]} 13. Rb1
{[%clk 1:08:14]} h5 {[%clk 1:22:35]} 14. h3 {[%clk 0:57:52]} Bh6 {[%clk 1:17:16]}
15. b4 {[%clk 0:55:33]} Kh8 {[%clk 1:08:12]} 16. Re1 {[%clk 0:45:32]} Rg8
{[%clk 1:05:58]} 17. Nf1 {[%clk 0:42:06]} b6 {[%clk 1:01:17]} 18. bxc5
{[%clk 0:41:24]} bxc5 {[%clk 1:01:41]} 19. Ne3 {[%clk 0:32:54]} Ndf6
{[%clk 0:57:19]} 20. Kh1 {[%clk 0:17:23]} g5 {[%clk 0:54:32]} 21. Bg3
{[%clk 0:17:45]} g4 {[%clk 0:54:26]} 22. h4 {[%clk 0:17:27]} Qd8 {[%clk 0:50:37]}
23. Qb3 {[%clk 0:15:24]} Nf8 {[%clk 0:49:07]} 24. Qb6 {[%clk 0:15:13]} Ng6
{[%clk 0:42:39]} 25. Qxd8 {[%clk 0:14:30]} Rxd8 {[%clk 0:43:04]} 26. Bd3
{[%clk 0:14:33]} Ne7 {[%clk 0:40:14]} 27. Rb6 {[%clk 0:13:26]} Kg7
{[%clk 0:38:12]} 28. Reb1 {[%clk 0:13:21]} Ne8 {[%clk 0:32:40]} 1/2-1/2

[Event "George Trundle Qualifiers 2016"]
[Site "Auckland"]
[Date "2016.07.13"]
[Round "5.4"]
[White "Bennett, Hilton P"]
[Black "Milligan, Helen"]
[Result "1/2-1/2"]
[LiveChessVersion "1.4.8"]
[BlackElo "2053"]
[WhiteElo "1977"]

1. Nf3 {[%clk 1:20:30]} Nf6 {[%clk 1:30:51]} 2. g3 {[%clk 1:20:17]} g6
{[%clk 1:31:14]} 3. Bg2 {[%clk 1:20:33]} Bg7 {[%clk 1:31:37]} 4. d3
{[%clk 1:20:53]} d6 {[%clk 1:31:58]} 5. e4 {[%clk 1:21:12]} e5 {[%clk 1:32:18]}
6. O-O {[%clk 1:21:33]} O-O {[%clk 1:32:39]} 7. h3 {[%clk 1:21:52]} h6
{[%clk 1:32:55]} 8. Nc3 {[%clk 1:21:33]} Nc6 {[%clk 1:33:07]} 9. Be3
{[%clk 1:21:53]} Be6 {[%clk 1:33:01]} 10. Qd2 {[%clk 1:22:12]} Kh7
{[%clk 1:33:21]} 1/2-1/2

[Event "George Trundle Qualifiers 2016"]
[Site "Auckland"]
[Date "2016.07.13"]
[Round "5.5"]
[White "Duneas, John"]
[Black "Ang, Alphaeus Wei Ern"]
[Result "1/2-1/2"]
[LiveChessVersion "1.4.8"]
[BlackElo "2087"]
[WhiteElo "2100"]

1. d4 {[%clk 1:30:58]} Nf6 {[%clk 1:30:55]} 2. c4 {[%clk 1:31:11]} g6
{[%clk 1:31:17]} 3. Nc3 {[%clk 1:31:24]} Bg7 {[%clk 1:31:42]} 4. e4
{[%clk 1:31:48]} d6 {[%clk 1:32:01]} 5. f4 {[%clk 1:31:57]} O-O {[%clk 1:32:20]}
6. Nf3 {[%clk 1:32:16]} c5 {[%clk 1:32:38]} 7. d5 {[%clk 1:32:39]} e6
{[%clk 1:32:43]} 8. dxe6 {[%clk 1:32:56]} fxe6 {[%clk 1:31:32]} 9. Be2
{[%clk 1:27:33]} Nc6 {[%clk 1:30:26]} 10. O-O {[%clk 1:27:43]} a6
{[%clk 1:28:30]} 11. h3 {[%clk 1:18:49]} Nh5 {[%clk 1:25:06]} 12. Ng5
{[%clk 1:05:48]} Ng3 {[%clk 1:24:49]} 13. Re1 {[%clk 1:00:02]} Bd4+
{[%clk 1:17:07]} 14. Kh2 {[%clk 0:59:41]} Bf2 {[%clk 1:17:17]} 15. Bg4
{[%clk 0:57:16]} Nd4 {[%clk 1:13:35]} 16. Be3 {[%clk 0:53:37]} Nf1+
{[%clk 1:06:07]} 17. Rxf1 {[%clk 0:51:47]} Bxe3 {[%clk 1:06:32]} 18. g3
{[%clk 0:44:29]} h6 {[%clk 1:06:18]} 19. Qd3 {[%clk 0:26:17]} hxg5
{[%clk 1:06:09]} 20. Qxe3 {[%clk 0:23:03]} Nc2 {[%clk 1:05:45]} 21. Qd3
{[%clk 0:22:55]} Nxa1 {[%clk 1:06:10]} 22. e5 {[%clk 0:22:55]} Kg7
{[%clk 1:02:11]} 23. exd6 {[%clk 0:21:15]} Bd7 {[%clk 1:00:33]} 24. Ne4
{[%clk 0:20:31]} gxf4 {[%clk 0:56:09]} 25. gxf4 {[%clk 0:19:32]} e5
{[%clk 0:45:26]} 26. Bxd7 {[%clk 0:17:58]} Qxd7 {[%clk 0:44:39]} 27. Nxc5
{[%clk 0:17:15]} Qf5 {[%clk 0:42:26]} 28. Qxf5 {[%clk 0:15:21]} Rxf5
{[%clk 0:40:49]} 29. Rxa1 {[%clk 0:15:36]} b6 {[%clk 0:34:31]} 30. Ne6+
{[%clk 0:14:57]} Kf7 {[%clk 0:31:44]} 31. Nc7 {[%clk 0:15:15]} Rd8
{[%clk 0:31:23]} 32. fxe5 {[%clk 0:14:41]} Rxe5 {[%clk 0:30:42]} 33. Rd1
{[%clk 0:09:07]} Re2+ {[%clk 0:24:39]} 34. Kg3 {[%clk 0:09:25]} Rxb2
{[%clk 0:23:19]} 35. Nxa6 {[%clk 0:08:03]} Rxa2 {[%clk 0:21:55]} 36. Nc7
{[%clk 0:06:35]} Ra5 {[%clk 0:16:39]} 37. Nb5 {[%clk 0:04:11]} Rd7
{[%clk 0:11:55]} 38. Kf4 {[%clk 0:04:13]} Ra4 {[%clk 0:11:41]} 39. Rd4
{[%clk 0:04:28]} Ra1 {[%clk 0:11:51]} 40. Ke5 {[%clk 0:34:25]} Ra8
{[%clk 0:37:34]} 41. Rf4+ {[%clk 0:34:01]} Kg7 {[%clk 0:34:11]} 42. Nc7
{[%clk 0:29:25]} Rc8 {[%clk 0:32:08]} 43. Ne6+ {[%clk 0:28:03]} Kg8
{[%clk 0:30:37]} 44. Kd5 {[%clk 0:20:31]} Rh7 {[%clk 0:25:02]} 45. h4
{[%clk 0:18:54]} Ra7 {[%clk 0:22:50]} 46. Rf6 {[%clk 0:09:56]} Ra5+
{[%clk 0:20:27]} 47. c5 {[%clk 0:07:12]} bxc5 {[%clk 0:15:41]} 48. d7
{[%clk 0:07:29]} c4+ {[%clk 0:15:46]} 49. Kd4 {[%clk 0:07:24]} Rca8
{[%clk 0:14:56]} 50. d8=Q+ {[%clk 0:05:48]} Rxd8+ {[%clk 0:15:23]} 51. Nxd8
{[%clk 0:06:08]} Ra1 {[%clk 0:12:27]} 52. Ne6 {[%clk 0:05:21]} Kh7
{[%clk 0:09:46]} 53. Rf4 {[%clk 0:05:11]} Kh6 {[%clk 0:08:35]} 54. Kc3
{[%clk 0:03:50]} Kh5 {[%clk 0:07:40]} 55. Ng7+ {[%clk 0:03:45]} Kh6
{[%clk 0:08:04]} 56. Ne8 {[%clk 0:04:00]} g5 {[%clk 0:07:46]} 57. Rf6+
{[%clk 0:03:40]} Kh5 {[%clk 0:08:04]} 58. hxg5 {[%clk 0:02:40]} Kxg5
{[%clk 0:08:31]} 59. Kxc4 {[%clk 0:02:56]} Rd1 {[%clk 0:08:25]} 60. Rf2
{[%clk 0:03:07]} Kg6 {[%clk 0:07:43]} 61. Nf6 {[%clk 0:03:00]} Kf7
{[%clk 0:07:11]} 62. Nd5+ {[%clk 0:03:17]} Ke6 {[%clk 0:07:33]} 63. Re2+
{[%clk 0:03:18]} Kd6 {[%clk 0:06:29]} 64. Nc3 {[%clk 0:03:39]} Rh1
{[%clk 0:06:37]} 65. Nb5+ {[%clk 0:03:59]} Kd7 {[%clk 0:06:52]} 66. Re5
{[%clk 0:04:00]} Rg1 {[%clk 0:06:35]} 67. Kd5 {[%clk 0:04:14]} Rd1+
{[%clk 0:06:55]} 68. Nd4 {[%clk 0:04:40]} Ra1 {[%clk 0:06:34]} 69. Re6
{[%clk 0:04:30]} Ra5+ {[%clk 0:06:24]} 70. Ke4 {[%clk 0:04:45]} Rh5
{[%clk 0:06:37]} 71. Rb6 {[%clk 0:04:55]} Kc7 {[%clk 0:05:57]} 72. Rf6
{[%clk 0:05:06]} Kd7 {[%clk 0:05:16]} 73. Nf5 {[%clk 0:05:19]} Rh1
{[%clk 0:05:21]} 74. Rd6+ {[%clk 0:05:39]} Kc7 {[%clk 0:05:44]} 75. Ra6
{[%clk 0:05:51]} Kb7 {[%clk 0:05:54]} 76. Rg6 {[%clk 0:06:11]} Kc7
{[%clk 0:06:02]} 77. Kd5 {[%clk 0:06:34]} Rd1+ {[%clk 0:06:19]} 78. Nd4
{[%clk 0:06:58]} Rh1 {[%clk 0:06:18]} 79. Rg5 {[%clk 0:07:11]} Kb6
{[%clk 0:06:11]} 80. Rg7 {[%clk 0:07:29]} Rh5+ {[%clk 0:06:28]} 81. Kc4
{[%clk 0:07:51]} Rh1 {[%clk 0:06:04]} 82. Rg6+ {[%clk 0:08:12]} Kc7
{[%clk 0:06:27]} 83. Nb5+ {[%clk 0:08:26]} Kd7 {[%clk 0:06:48]} 84. Kd5
{[%clk 0:08:44]} Rh5+ {[%clk 0:07:03]} 1/2-1/2